000 01141nam a2200241Ia 4500
001 270.7-SIM ma le (16395)
003 IT-MiSPE
008 171229s9999||||xx |||||||||||||| ||und||
040 _aIT-MiSPE
_cIT-MiSPE
041 _aITALIANO
100 _aManlio Simonetti
245 0 _aLetteratura cristiana antica: Antologia di testi
_bII. Dall'epoca costantiniana alla crisi del mondo antico (quarto secolo)
250 _a1a ed. (v)
260 _aCasale Monf. (AL)
_bPiemme
_c1996
300 _a1038 p. [3 v.]
_c23 cm
490 _a Giubileo 2000
_v
501 _aEdizioni San Paolo srl - Piazza Soncino, 5 - 20092 CINISELLO BALSAMO (MI) (non commercial uses only) ® Copyright 2018
520 _aTesti originali a fronte.
700 _aEmanuela Prinzivalli
942 _cBK
957 _71
999 _a2775
_bNO
_g Copie: 1
_c346176
_d346176